Increase of energy efficiency in proportional adjusting of flow rate in the boiler circuit; MATEC Web of Conferences; Vol. 110 : Heat and Mass Transfer in the Thermal Control System of Technical and Technological Energy Equipment (HMTTSC 2017)

Bibliografiska uppgifter
Parent link:MATEC Web of Conferences
Vol. 110 : Heat and Mass Transfer in the Thermal Control System of Technical and Technological Energy Equipment (HMTTSC 2017).— 2017.— [01094, 6 p.]
Huvudupphovsman: Artamonov P. A. Pavel
Institutionell upphovsman: Национальный исследовательский Томский политехнический университет (ТПУ) Институт кибернетики (ИК) Кафедра инженерной графики и промышленного дизайна (ИГПД)
Övriga upphovsmän: Kurilenko N. I. Nikolai, Mamontov G. Ya. Gennady Yakovlevich
Sammanfattning:Title screen
The article presents the results of theoretical studies in the field of the boiler circuit operating modes for the boiler rooms operating by the independent heat supply scheme. The 3D model of a boiler circuit for a boiler room with 3 MW rated output was developed, based on which there was made an estimation of the boiler pump performance indicators. There is proposed a method for reducing energy costs for the operation of the pumping equipment of the boiler circuit.
Språk:engelska
Publicerad: 2017
Ämnen:
Länkar:https://doi.org/10.1051/matecconf/201711001094
http://earchive.tpu.ru/handle/11683/42651
Materialtyp: Elektronisk Bokavsnitt
KOHA link:https://koha.lib.tpu.ru/cgi-bin/koha/opac-detail.pl?biblionumber=655416

MARC

LEADER 00000nla2a2200000 4500
001 655416
005 20231101134853.0
035 |a (RuTPU)RU\TPU\network\21539 
035 |a RU\TPU\network\21538 
090 |a 655416 
100 |a 20170904a2017 k y0engy50 ba 
101 0 |a eng 
105 |a y z 100zy 
135 |a drgn ---uucaa 
181 0 |a i  
182 0 |a b 
200 1 |a Increase of energy efficiency in proportional adjusting of flow rate in the boiler circuit  |f P. A. Artamonov, N. I. Kurilenko, G. Ya. Mamontov 
203 |a Text  |c electronic 
300 |a Title screen 
320 |a [References: 10 tit.] 
330 |a The article presents the results of theoretical studies in the field of the boiler circuit operating modes for the boiler rooms operating by the independent heat supply scheme. The 3D model of a boiler circuit for a boiler room with 3 MW rated output was developed, based on which there was made an estimation of the boiler pump performance indicators. There is proposed a method for reducing energy costs for the operation of the pumping equipment of the boiler circuit. 
461 0 |0 (RuTPU)RU\TPU\network\4526  |t MATEC Web of Conferences 
463 0 |0 (RuTPU)RU\TPU\network\21033  |t Vol. 110 : Heat and Mass Transfer in the Thermal Control System of Technical and Technological Energy Equipment (HMTTSC 2017)  |o International Youth Scientific Conference, April 26-28, 2017, Tomsk, Russia  |o [proceedings]  |f National Research Tomsk Polytechnic University (TPU) ; eds. G. V. Kuznetsov ; A. O. Zhdanova  |v [01094, 6 p.]  |d 2017 
610 1 |a электронный ресурс 
610 1 |a труды учёных ТПУ 
610 1 |a энергоэффективность 
610 1 |a регулировка 
610 1 |a расход 
610 1 |a контуры 
610 1 |a котлы 
610 1 |a котельные 
610 1 |a теплоснабжение 
610 1 |a насосы 
610 1 |a насосное оборудование 
610 1 |a энергия 
700 1 |a Artamonov  |b P. A.  |g Pavel 
701 1 |a Kurilenko  |b N. I.  |g Nikolai 
701 1 |a Mamontov  |b G. Ya.  |c mathematician  |c Professor of Tomsk Polytechnic University, doctor of physical and mathematical Sciences  |f 1945-  |g Gennady Yakovlevich  |2 stltpush  |3 (RuTPU)RU\TPU\pers\35353 
712 0 2 |a Национальный исследовательский Томский политехнический университет (ТПУ)  |b Институт кибернетики (ИК)  |b Кафедра инженерной графики и промышленного дизайна (ИГПД)  |h 7273  |2 stltpush  |3 (RuTPU)RU\TPU\col\18737 
801 2 |a RU  |b 63413507  |c 20180426  |g RCR 
856 4 |u https://doi.org/10.1051/matecconf/201711001094 
856 4 |u http://earchive.tpu.ru/handle/11683/42651 
942 |c CF